000 01100nam0a22003251 4500
001 rc\99808
005 20250630120312.0
010 _a5-85803-017-3
_9500
035 _a(NLR Aleph) 005363333
090 _a6921845
_c6921845
100 _a20021216d1994 |||y0rusy50 ca
101 0 _arus
102 _aRU
105 _ay |||||||||
200 1 _aВостоковедение в российских законодательных актах (конец XVII в. - 1917 г.)
_fРос. АН. Санкт-Петербург. фил. Ин-та востоковедения
210 _aСПб.
_cЦентр "Петербург. востоковедение"
_d1994
215 _a436, [1] с.
_d21
225 1 _aOrientalia
320 _aБиблиогр.: с. 370-380
700 1 _aКуликова
_bА.М.
801 0 _aRU
_bNLR
_gpsbo
801 1 _aRU
_bELAR
_2rusmarc
852 _aNLR
_bОЛСАА-сл-спр
_j3-3422
852 _aNLR
_bОЛСАА-сл-спр
_j3-3422
852 _aNLR
_j95-3/2007
942 _cBOOK
980 _aNB
980 1 _aSL_SPR
980 1 _aSL_SPR